000 00637cam a2200181 4500500
005 20260405003947.0
041 _afre
042 _adc
100 1 0 _aLegros, Martin
_eauthor
245 0 0 _a“Les Hermaphrodites”, un inédit de Michel Foucault : quand les intersexes questionnaient l’idée de vérité
260 _c2025.
500 _a64
690 _aHermaphroditisme
690 _aLGBTQI
690 _aMichel Foucault
786 0 _nPhilosophie magazine | 193 | 10 | 2025-10-01 | p. 176-176 | 1951-1787
856 4 1 _uhttps://shs.cairn.info/magazine-philosophie-magazine-2025-10-page-176?lang=fr&redirect-ssocas=7080
999 _c2072464
_d2072464